000 00739nam a2200241 i 4500
001 bg
100 1 _aKOSIKOWSKI, Cezary
245 1 0 _aPrawo gospodarcze publiczne /
_cCezary Kosikowski.
250 _aWyd. 2.
260 _aWarszawa :
_bWydawnictwa Prawnicze PWN,
_c1995.
300 _a342, [2] s. ;
_c24 cm.
504 _aBibliogr. przy rozdz.
650 9 _aPrawo gospodarcze
_zPolska
655 _aPodręczniki akademickie
020 _a8386702133
040 _cBPK
041 0 _apol
080 _a342.951:351.82](438)(075.8)
920 _a83-86702-13-3
942 _cKS
008 s pl f |000 0 pol
856 _uhttp://koha.tu.koszalin.pl/cgi-bin/koha/opac-detail.pl?biblionumber=30924
_yKatalog online BPK
999 _c30924
_d30924